02027nam a22002897a 4500003000900000008004100009040007100050082002500121110005500146245006800201260003200269300002900301440006600330505099700396650002601393650001701419650002001436650002601456700003301482700002501515700002601540700003101566700002501597700002901622700003101651710005501682AR-CdUCM190425b ||||| |||| 00| 0 spa d aMUNICIPALIDAD PROVINCIAL DEL CUSCOcBIBLIOTECA MUNICIPAL DEL CUSCO aRev.Univ/N°108/1955 aUniversidad Nacional de San Antonio Abad del Cusco aRevista Universitaria :bÓrgano de la Universidad del Cuzco / aCusco :bH.G. Rozas,c1955. a333 páginas. :c20 cm. aRevista UniversitarianAño XLIV, 1° semestre 1955, N°108. aContenido: Poder adquisitivo del sol peruano en la ciudad del Cuzco. Gustavo Núñez del Prado. -- Un estudio sobre la conciencia y lo extraconciente. Daniel E. Castillo. -- La substancia del mundo. Humberto Vidal Unda. -- Las fuentes de estética. Domingo Velasco Astete. -- Aplicaciones del método del ion electrón. Oswaldo Baca Mendoza. -- La Ccollpa. Juvenal Salas Rodríguez. -- Un caso de la sinopsis occipito atloidea. Juvenal Pezo Benavente. -- El fósil Glyptodonte hallado en el Cuzco. Carlos Kalafatovich. -- Apuntes para una Ornitología cuzqueña. Jorge Chávez Chaparro. -- Las papas subperuanas. César Vargas. -- La verdadera posición sistemática del Inga Feuillei DC (pacae). Felipe Marín Moreno. -- Elaboración y análisis estadístico de la natalidad legítima e ilegítima en el distrito del Cuzco. -- Procedimiento de demostración de proposiciones de Geometría basado en las propiedades de los segmentos orientados. Isaac Velasco Quintanilla. aEconomía cusqueña aPsicología aPaleontología aBotánica cusqueña aNúñez del Prado, Gustavo aVidal Unda, Humberto aBaca Mendoza, Oswaldo aSalas Rodríguez, Juvenal aKalafatovich, Carlos aChávez Chaparro, Jorge aVelasco Quintanilla, Isaac aUniversidad Nacional de San Antonio Abad del Cusco